| 000 | 005850000a22001810004500 | ||
|---|---|---|---|
| 003 | MACL | ||
| 005 | 20160223145813.0 | ||
| 008 | 160223b xxu||||| |||| 00| 0 eng d | ||
| 040 |
_aMACL _cMACL |
||
| 041 | _aHindi | ||
| 082 | _a650 | ||
| 100 |
_aनारायण प्रो. हृषीकेश _939709 |
||
| 245 | _aआय-कर खाता तथा प्रकाशित खाता की समालोचना | ||
| 260 |
_bकिताब महल _c1951 _aइलाहाबाद |
||
| 350 | _a3 | ||
| 650 |
_aManagement _939710 |
||
| 942 |
_cHIN _k650 _2ddc |
||
| 999 |
_c23377 _d23377 |
||